000 00428nam a2200181Ia 4500
001 7910
005 20260306160530.0
008 260306t2007||||xx |||||||||||||| ||spa||
041 _aESP
082 _a363.73
_bS74
100 _aSpelucín, Juan
_eAUT
245 0 _aMinería y salud ambiental en Camisea
260 _c2007
300 _a110 páginas :
_c21 cm.
650 _aGEN
654 _aCIA
942 _cLIB
_dJUS
_fJUS
_2ddc
_n
999 _c7910
_d7910